000 00934nam a2200265Ia 4500
003 OSt
005 20220923211503.0
006 a|||||r|||| 00| 0
007 ta
008 Pun
020 _a9789352045457 (hbk)
_c350
024 _a320,407
037 _b792, 27/02/2017, H.K. Prakashan
_cTextual
040 _aARTS
_cARTS
_bPun
041 _2Pun
_aPun
082 _aO153,3N35:g, Q6
100 _aਗੁਰਪ੍ਰੀਤ ਕੌਰ, ਂਚ.
_9160608
245 0 _aਗੁਲਗ਼ਾਰ ਸਿੰਘ ਸੰਧੂ ਦਾ ਕਥਾ-ਬਿਰਤਾਂਤ
260 _aਚੰਡੀਗੜ
_b ਯੂਲੀਸਟਾਰ
_c2016
300 _a189ਪ੍ਰ0
_ccm.
650 _a ਪੰਜਾਬੀ ਕਹਾਣੀ
650 _aਪੰਜਾਾਬੀ ਸਾਹਿਤ
_9156350
942 _hO153,3N35:g, Q6
_cTEXL
_2CC
999 _c300035
_d300035